| 000 | 01052nam a2200253 a 4500 | ||
|---|---|---|---|
| 001 | 1793239 | ||
| 003 | AM-YEHGA | ||
| 005 | 20250618080107.0 | ||
| 008 | 211001s2021 ai ||||gr|||||||||0|arm|d | ||
| 020 | _a9785808425132 | ||
| 040 | _aAM-YeHGA | ||
| 041 | 0 | _aarm | |
| 100 | 1 |
_aՍաֆարյան, Վազգեն Հմայակի, _d1947- _93914 |
|
| 245 | 1 | 0 |
_aԳրողի և կերպարի անհատականությունը : _bՄուրացան. Նար-Դոս / _cՎ.Հ. Սաֆարյան ; Երևանի պետական համալսարան. |
| 260 |
_aԵրևան : _bԵՊՀ հրատ., _c2021. |
||
| 300 |
_a329 էջ ; _c21 սմ. |
||
| 504 | _aԳրականություն՝ էջ 328-329: Տողատակում՝ մատենագիտական ծանոթագրություններ: | ||
| 600 | 1 | 4 |
_aՄուրացան, _d1854-1908 _91699 |
| 600 | 1 | 4 |
_aՆար-Դոս, _d1867-1933 _91453 |
| 650 | 1 | 4 |
_aՀայ գրականության պատմություն _94711 |
| 710 | 2 | _aԵրևանի պետական համալսարան | |
| 942 |
_2udc _cBK |
||
| 090 | _c564176 | ||
| 999 |
_c526569 _d526569 |
||